| 000 | 00549nam a22001937a 4500 | ||
|---|---|---|---|
| 999 |
_c524257 _d524257 |
||
| 003 | NUST | ||
| 020 | _a9694860075 | ||
| 038 | _aWaseem | ||
| 082 |
_a891.423 _bHAS |
||
| 100 |
_aHashmi, Abdul Kabir _915066 |
||
| 245 |
_aNawan Sooraj / _cAbdul Kabir Hashmi |
||
| 260 |
_aLahore : _bAziz Book Depot, _c1995. |
||
| 300 | _a112 p. ; | ||
| 500 | _aHard cover. | ||
| 880 |
_6100-01\r _aعبدالکبیر ہاشمی |
||
| 880 |
_6245-02\r _aنواں سورج / |
||
| 880 |
_6260-03\r _aلاہور : _bعزیز بک ڈپو, _c۱۹۹۵. |
||
| 942 |
_2ddc _cBK |
||